01608nam a2200169Ia 4500020001500000040000800015082002600023245035800049246015600407260012700563300003000690490006700720500057700787500002201364650003801386650001401424 a9250052928 cFQG a338 FOO 2005 A065 Or.10aReport of the Fourth Intergovernmental Consultation on the Establishment of a Southwest Indian Ocean Fisheries Commission, Mahe, Seychelles, 13-16 July 2004 =bRapport de la quatri©·me consultation intergouvernementale sur la cr©♭ation d'une commission des p©®ches pour le sud-ouest de l'Oc©♭an Indien, Mah©♭, Seychelles, 13-16 juillet 200431aRapport de la quatri©·me consultation intergouvernementale sur la cr©♭ation d'une commission des p©®ches pour le sud-ouest de l'Oc©♭an Indien aHarare :bFood and Agriculture Organization of the United Nations, Subregional Office for Southern and East Africa,cc2005 avi, 78 p. :bmap ;c30 cm1 aFAO fisheries report ;aFAO rapport sur les p©®ches ; no 776 aThe Consultation was attended by delegates from ten States, the European Community, and two observer organizations. The Consultation unanimously adopted a draft Resolution and Statutes for the establishment of the South West Indian Ocean Fisheries Commission for submission to the FAO Council. The Consultation also carried out a first reading and discussion of a draft text of an instrument for the high seas. As an interim measure, until the establishment of a high seas instrument, a Resolution concerning the collection and handling of information and data was adopted a"SAFR/R776 (Bi)." 0aFishery management, International 0aFisheries